000 00824nam a22002777a 4500
003 CHAP
005 20220329140134.0
008 971013s1971 r 00010 d
010 _a47528
011 _a48500
035 _a52646
040 _cCHAP
090 _aFolleto 3025
100 0 0 _aReyes Manzanares, David.
_996893
245 _aRiego por goteo en algodonero
260 _aHermosillo, Son. :
_bCentro de Investigaciones Agrícolas del Noroeste,
_c1971
300 _a5 h.
590 _aBATCH-UPD
_b10
_c20130110
_lUCH01
_h1120
590 _aBATCH-UPD
_b10
_c20130410
_lUCH01
_h0710
590 _aCONVERSION
_b10
_c20130109
_lUCH01
_h1326
650 1 4 _aAlgodon
_xIrrigacion.
_94028
650 1 4 _aRiego por goteo.
_997380
901 _aBK
942 _cFOLL
949 _aFolleto 3025
_bBC
_cFOLL
_d-117170
_eTS1
_i52646
_si
999 _c47528
_d47528